Trombinoscope des chanteurs et chanteuses francophones - Statistiques

Statistiques générales
  • Ce quiz a été pris 1 971 fois
  • Le résultat moyen est 64 sur 100
Statistiques - réponses
Hint Réponse % Correct
Johnny Hallyday
83%
Vianney
82%
Soprano
82%
Angèle
81%
Vanessa Paradis
81%
Julien Doré
81%
Clara Luciani
80%
Stromaë
80%
Garou
80%
Kendji Girac
80%
Louane
79%
Hoshi
78%
Patrick Bruel
78%
M. Pokora
78%
Aya Nakamura
78%
Florent Pagny
77%
Mika
77%
Dalida
76%
Renaud
76%
Pascal Obispo
76%
Céline Dion
76%
Amel Bent
76%
Mylène Farmer
76%
Édith Piaf
75%
Zazie
75%
Charles Aznavour
75%
Christophe Maé
75%
Jean-Jacques Goldman
75%
Lara Fabian
74%
Marc Lavoine
74%
Michel Polnareff
74%
Claude François
74%
Amir
74%
Calogero
73%
Christophe Willem
73%
Patrick Fiori
73%
Vitaa
73%
Zaz
73%
Claudio Capéo
72%
Jenifer
71%
Pierre Garnier
71%
Shy'm
70%
Michel Sardou
69%
Jacques Brel
68%
Julien Clerc
68%
Joyce Jonathan
67%
Hélène Ségara
67%
Daniel Balavoine
67%
Laurent Voulzy
66%
Jean-Louis Aubert
66%
Jérémy Frérot
65%
Grégoire
65%
Emmanuel Moire
64%
Tal
64%
France Gall
64%
Lorie
64%
Natasha St-Pier
62%
Camélia Jordana
61%
Eddy Mitchell
61%
Francis Cabrel
60%
Mireille Mathieu
60%
Joe Dassin
59%
Patricia Kaas
58%
Georges Brassens
58%
Alain Souchon
58%
Thomas Dutronc
57%
Mentissa
57%
Liane Foly
57%
Desireless
57%
Bénabar
57%
Maurane
55%
Santa
54%
Étienne Daho
54%
Juliette Armanet
54%
Marine
54%
Barbara Pravi
54%
Zaho de Sagazan
53%
Michel Berger
53%
Chimène Badi
52%
Raphaël
52%
Jane Birkin
51%
Héléna
51%
Alizée
51%
Véronique Sanson
50%
Barbara
50%
Sheila
49%
Gaëtan Roussel
48%
Aliocha Schneider
47%
Serge Lama
47%
Françoise Hardy
46%
Marguerite
46%
Lio
45%
Maxime Le Forestier
44%
Elsa
43%
Sylvie Vartan
42%
Gérald De Palmas
41%
Stephan Eicher
39%
Jeanne Mas
38%
Tina Arena
35%
Styleto
32%
Aucun quiz correspondant
Distribution des résultats
% des personnes avec chaque résultat
Percentile par nombre de réponses
Votre historique - résultats
Vous n’avez pas pris ce quiz